[Event "4NCL Division 2b"]
[Site "Puma Hotel, Hinckley Island EN"]
[Date "2013.03.23"]
[Round "7.82"]
[White "Ayvazyan, Nikita"]
[Black "McMichael, Richard J"]
[Result "1/2-1/2"]
[WhiteElo "1940"]
[BlackElo "2248"]
[PlyCount "82"]
[EventDate "2013.03.23"]
[WhiteTeam "Barbican Youth"]
[BlackTeam "Kings Head"]

1. e4 e6 2. d4 d5 3. Nc3 dxe4 4. Nxe4 Bd7 5. Nf3 Bc6 6. Bd3 Nd7 7. Ned2 Ngf6 8.
Nc4 Bd5 9. O-O Be7 10. Re1 c5 11. c3 O-O 12. h3 cxd4 13. cxd4 Rc8 14. Nce5 Bb4
15. Bd2 Nxe5 16. Nxe5 Qb6 17. a3 Bd6 18. Bc3 Rfd8 19. Qd2 Qc7 20. Rac1 Qe7 21.
Qg5 Nd7 22. Qxe7 Bxe7 23. Nxd7 Rxd7 24. Bb5 Bc6 25. Bxc6 Rxc6 26. Bd2 Rxc1 27.
Rxc1 h5 28. Be3 a6 29. Kf1 Kh7 30. Ke2 Kg6 31. f3 h4 32. a4 Bg5 33. Rc5 Be7 34.
Rc2 Kf5 35. b3 Bd6 36. Rc4 f6 37. Rc2 g5 38. Rc4 Bf4 39. Rc2 e5 40. Bxf4 gxf4
41. dxe5 fxe5 1/2-1/2

[Event "4NCL Division 2b"]
[Site "Puma Hotel, Hinckley Island EN"]
[Date "2013.03.23"]
[Round "7.83"]
[White "Kwiatkowski, Feliks J"]
[Black "Stewart, Ashley"]
[Result "0-1"]
[WhiteElo "2209"]
[BlackElo "2025"]
[PlyCount "77"]
[EventDate "2013.03.23"]
[WhiteTeam "Kings Head"]
[BlackTeam "Barbican Youth"]

1. e4 c5 2. Nf3 d6 3. d4 cxd4 4. Nxd4 Nf6 5. Nc3 g6 6. Be2 Bg7 7. O-O Nc6 8.
Nb3 O-O 9. Re1 b6 10. Bg5 h6 11. Bh4 Bb7 12. Bf1 Rc8 13. Nd5 Nd7 14. c3 g5 15.
Bg3 e6 16. Ne3 Nde5 17. Qd2 Qe7 18. Rad1 Rfd8 19. f3 Qf8 20. c4 Ne7 21. Nd4
N7g6 22. Qb4 d5 23. Qxf8+ Bxf8 24. exd5 exd5 25. cxd5 Bxd5 26. Ba6 Rc7 27. Ng4
Bc4 28. Nxe5 Bxa6 29. Nec6 Rcd7 30. Nxd8 Rxd8 31. Nc6 Rc8 32. Ne5 Bc5+ 33. Kh1
Nxe5 34. Bxe5 Bf2 35. Re4 Bd3 36. Rb4 Be2 37. Ra1 Re8 38. Bg3 Bc5 39. Re4 {
White overstepped the time limit} 0-1

[Event "4NCL Division 2b"]
[Site "Puma Hotel, Hinckley Island EN"]
[Date "2013.03.23"]
[Round "7.84"]
[White "Farrand, Julian T"]
[Black "Whiteley, Andrew J"]
[Result "1/2-1/2"]
[WhiteElo "2081"]
[BlackElo "2251"]
[PlyCount "71"]
[EventDate "2013.03.23"]
[WhiteTeam "Barbican Youth"]
[BlackTeam "Kings Head"]

1. d4 d5 2. Nc3 Nf6 3. Bg5 Nbd7 4. Qd3 h6 5. Bh4 e6 6. e4 dxe4 7. Nxe4 Be7 8.
Bxf6 Nxf6 9. Nf3 O-O 10. O-O-O Nxe4 11. Qxe4 Qd5 12. Bd3 Qxe4 13. Bxe4 c6 14.
Rhe1 Rd8 15. c3 Bd7 16. Ne5 Be8 17. f4 Rac8 18. Kb1 g6 19. g4 Kg7 20. Nd3 Bd6
21. Ne5 f6 22. Nd3 Bf7 23. h4 Rh8 24. Rh1 h5 25. g5 f5 26. Bf3 Rhd8 27. Rhe1
Kg8 28. Ne5 Bxe5 29. Rxe5 b6 30. b4 Rd6 31. Kb2 Be8 32. c4 Kg7 33. Kc3 Rdd8 34.
Rde1 Bd7 35. Kb3 Re8 36. a3 1/2-1/2

[Event "4NCL Division 2b"]
[Site "Puma Hotel, Hinckley Island EN"]
[Date "2013.03.23"]
[Round "7.85"]
[White "Haria, Ravi"]
[Black "Brett, Andrew R"]
[Result "0-1"]
[WhiteElo "2076"]
[BlackElo "2105"]
[PlyCount "70"]
[EventDate "2013.03.23"]
[WhiteTeam "Kings Head"]
[BlackTeam "Barbican Youth"]

1. e4 e5 2. Nf3 Nc6 3. Bb5 a6 4. Ba4 Nf6 5. O-O Be7 6. Re1 b5 7. Bb3 O-O 8. d4
d6 9. c3 Bg4 10. d5 Na5 11. Bc2 c6 12. h3 Bc8 13. dxc6 Qc7 14. Nbd2 Qxc6 15.
Nf1 Be6 16. Ng3 Rfe8 17. Ng5 Bd7 18. a4 h6 19. Nf3 Be6 20. Nh4 Nc4 21. b3 Nb6
22. a5 Nbd7 23. Re3 Rac8 24. Ngf5 Bf8 25. Rg3 Kh7 26. Bd2 g6 27. Qf3 gxf5 28.
Nxf5 Bxf5 29. Qxf5+ Kh8 30. Re1 Bg7 31. Ree3 Rg8 32. Ref3 Qc7 33. b4 Qc4 34.
Rd3 Rc6 35. f3 Qa2 0-1

[Event "4NCL Division 2b"]
[Site "Puma Hotel, Hinckley Island EN"]
[Date "2013.03.23"]
[Round "7.86"]
[White "Morrison, Lynne GP"]
[Black "Guthrie, David W"]
[Result "0-1"]
[WhiteElo "1905"]
[BlackElo "2170"]
[PlyCount "74"]
[EventDate "2013.03.23"]
[WhiteTeam "Barbican Youth"]
[BlackTeam "Kings Head"]

1. d4 Nf6 2. Nf3 g6 3. Bg5 Bg7 4. c3 O-O 5. Nbd2 h6 6. Bh4 d6 7. e4 c5 8. Bc4
cxd4 9. Nxd4 Nc6 10. N4f3 a6 11. O-O b5 12. Bb3 Bb7 13. Re1 b4 14. cxb4 Nxb4
15. Qe2 Nd7 16. a3 Nc6 17. Rab1 Nc5 18. Bc2 a5 19. b3 Rc8 20. b4 axb4 21. axb4
Ne6 22. Qd3 Ncd4 23. Nxd4 Nxd4 24. Bd1 Rc3 25. Qxc3 Ne2+ 26. Bxe2 Bxc3 27. Red1
g5 28. Bg3 Bxd2 29. Rxd2 Bxe4 30. Rbb2 Qb6 31. h4 f5 32. hxg5 hxg5 33. Kf1 f4
34. Bh2 Ra8 35. Rd1 Qc6 36. f3 Qc3 37. Rbd2 Bc2 0-1

[Event "4NCL Division 2b"]
[Site "Puma Hotel, Hinckley Island EN"]
[Date "2013.03.23"]
[Round "7.87"]
[White "Thomas, Rik H"]
[Black "Verma, Aditya"]
[Result "1/2-1/2"]
[WhiteElo "2183"]
[BlackElo "1603"]
[PlyCount "63"]
[EventDate "2013.03.23"]
[WhiteTeam "Kings Head"]
[BlackTeam "Barbican Youth"]

1. Nf3 Nf6 2. g3 e6 3. Bg2 d5 4. d4 Be7 5. O-O O-O 6. c4 b6 7. Qc2 Nbd7 8. Nc3
Bb7 9. Bg5 Rc8 10. Rfd1 h6 11. Bxf6 Nxf6 12. Ne5 c5 13. cxd5 exd5 14. dxc5 Bxc5
15. Nd3 Bd4 16. Qb3 Bxc3 17. bxc3 Ne4 18. Bxe4 dxe4 19. Nc5 Qc7 20. Nxb7 Qxb7
21. Rd4 Rfe8 22. Rad1 Re7 23. c4 Qc6 24. Qb5 Qxb5 25. cxb5 Rc2 26. Rd8+ Kh7 27.
R8d7 Rxd7 28. Rxd7 Rxa2 29. Rxf7 Rxe2 30. Rxa7 Rb2 31. Re7 Rxb5 32. Rxe4
1/2-1/2

[Event "4NCL Division 2c"]
[Site "Puma Hotel, Hinckley Island EN"]
[Date "2013.03.24"]
[Round "8.11"]
[White "Harvey, Marcus R"]
[Black "Rudd, Jack"]
[Result "0-1"]
[WhiteElo "2181"]
[BlackElo "2285"]
[PlyCount "106"]
[EventDate "2013.03.24"]
[WhiteTeam "Oxford 1"]
[BlackTeam "Bristol 1"]

1. g3 d5 2. Bg2 Nf6 3. Nf3 c6 4. c4 Bf5 5. cxd5 cxd5 6. Nc3 Nc6 7. Qa4 Qd7 8.
Nd4 Nxd4 9. Qxd4 e6 10. d3 b6 11. O-O Bc5 12. Qa4 Rc8 13. Bg5 Qxa4 14. Nxa4 Be7
15. Rac1 Kd7 16. e4 dxe4 17. Bxf6 Bxf6 18. dxe4 Bg6 19. f4 Bd4+ 20. Kh1 Bh5 21.
h3 Be2 22. Rcd1 Bxd1 23. Rxd1 Ke7 24. Rxd4 Rc1+ 25. Kh2 Rhc8 26. Nc3 Rc2 27.
Nd1 Re2 28. Rd3 Rcc2 29. Ne3 Rxb2 30. a3 a5 31. a4 Ra2 32. g4 Rxa4 33. Kg3 Rb4
34. e5 Rbb2 35. Bf3 Red2 36. Rc3 a4 37. Bd1 b5 38. f5 Kd8 39. fxe6 fxe6 40. Kh4
b4 41. Rc1 Ra2 42. Nc4 Rd3 43. Nb6 b3 44. g5 b2 45. Rc8+ Ke7 46. Rc7+ Ke8 47.
Bc2 Raa3 48. Rc8+ Rd8 49. Rc4 Rad3 50. Nxa4 R8d4+ 51. Rxd4 Rxd4+ 52. Kh5 g6+
53. Kh6 Kf7 0-1

[Event "4NCL Division 2c"]
[Site "Puma Hotel, Hinckley Island EN"]
[Date "2013.03.24"]
[Round "8.12"]
[White "Buckley, David E"]
[Black "Rose, Matthew"]
[Result "0-1"]
[WhiteElo "2257"]
[BlackElo "2303"]
[PlyCount "48"]
[EventDate "2013.03.24"]
[WhiteTeam "Bristol 1"]
[BlackTeam "Oxford 1"]

1. d4 Nf6 2. c4 g6 3. Nc3 Bg7 4. e4 d6 5. Nf3 O-O 6. Be2 e5 7. O-O c6 8. Be3
exd4 9. Bxd4 Qe7 10. Re1 Nbd7 11. Qc2 Nc5 12. Bf1 Ne6 13. Be3 Ng4 14. Bd2 Nd4
15. Qd1 Be6 16. Ng5 h6 17. Nxe6 Qh4 18. Bf4 Qxf2+ 19. Kh1 fxe6 20. Bxd6 Qh4 21.
Bg3 Nf2+ 22. Kg1 Nxd1 23. Bxh4 Nxc3 24. bxc3 Nc2 0-1

[Event "4NCL Division 2c"]
[Site "Puma Hotel, Hinckley Island EN"]
[Date "2013.03.24"]
[Round "8.13"]
[White "Schmidt, Jan-Peter"]
[Black "Beaumont, Chris R"]
[Result "0-1"]
[WhiteElo "2269"]
[BlackElo "2273"]
[PlyCount "112"]
[EventDate "2013.03.24"]
[WhiteTeam "Oxford 1"]
[BlackTeam "Bristol 1"]

1. Nf3 g6 2. c4 Bg7 3. Nc3 c5 4. g3 Nc6 5. Bg2 d6 6. O-O Bf5 7. a3 Qd7 8. d3
Bh3 9. Bxh3 Qxh3 10. Nd5 Qd7 11. Qa4 Rc8 12. Rb1 e6 13. Ne3 Nge7 14. b4 b6 15.
Bb2 Nd4 16. Qxd7+ Kxd7 17. Nxd4 cxd4 18. Nc2 b5 19. Nxd4 bxc4 20. dxc4 Rxc4 21.
Rfd1 Nd5 22. e4 Nc3 23. Bxc3 Rxc3 24. Nb5 Rc6 25. Rbc1 a6 26. Rxc6 Kxc6 27.
Nd4+ Kd7 28. Nb3 Ra8 29. f4 Bb2 30. e5 d5 31. Nc5+ Kc6 32. a4 a5 33. Nd3 Bd4+
34. Kf1 axb4 35. Nxb4+ Kc5 36. Nd3+ Kc4 37. Ke2 Rxa4 38. Rc1+ Kb5 39. Rc8 Ra2+
40. Kf3 h5 41. g4 Ra3 42. Ke2 hxg4 43. Rb8+ Kc6 44. Nb4+ Kd7 45. Rb7+ Kc8 46.
Rxf7 Re3+ 47. Kd2 Rh3 48. Nc6 Rxh2+ 49. Kd3 Bc5 50. Ne7+ Kd8 51. Nc6+ Ke8 52.
Rf6 g3 53. Nd4 g2 54. Rxe6+ Kf7 55. Rf6+ Kg7 56. Ne2 Rh3+ 0-1

[Event "4NCL Division 2c"]
[Site "Puma Hotel, Hinckley Island EN"]
[Date "2013.03.24"]
[Round "8.15"]
[White "Rawlinson, Aidan M"]
[Black "Collier, David O"]
[Result "0-1"]
[WhiteElo "2171"]
[BlackElo "2075"]
[PlyCount "32"]
[EventDate "2013.03.24"]
[WhiteTeam "Oxford 1"]
[BlackTeam "Bristol 1"]

1. d4 Nf6 2. c4 e6 3. g3 Bb4+ 4. Bd2 a5 5. Bg2 d5 6. Nf3 dxc4 7. O-O c5 8. dxc5
Bxc5 9. Qa4+ Nbd7 10. Qxc4 O-O 11. Nc3 Qc7 12. Be3 b6 13. Nb5 Qb8 14. Nfd4 Bb7
15. Nc6 Bxc6 16. Bxc6 Ne5 0-1

[Event "4NCL Division 2c"]
[Site "Puma Hotel, Hinckley Island EN"]
[Date "2013.03.24"]
[Round "8.16"]
[White "Dilleigh, Stephen P"]
[Black "Healey, Michael W"]
[Result "1/2-1/2"]
[WhiteElo "2112"]
[BlackElo "2088"]
[PlyCount "80"]
[EventDate "2013.03.24"]
[WhiteTeam "Bristol 1"]
[BlackTeam "Oxford 1"]

1. d4 Nf6 2. c4 Nc6 3. Nf3 e6 4. Nc3 Bb4 5. Qc2 O-O 6. Bd2 Qe7 7. a3 Bxc3 8.
Bxc3 d6 9. e3 e5 10. dxe5 Nxe5 11. Nxe5 dxe5 12. Be2 a5 13. b3 Re8 14. O-O c5
15. Rfd1 Ra6 16. Rab1 Bd7 17. Bf3 Bc6 18. Bxc6 Rxc6 19. Bxa5 Ra6 20. Bc3 Rxa3
21. Ra1 Ra6 22. Rxa6 bxa6 23. Ra1 Qb7 24. h3 Re6 25. Rd1 Kf8 26. Ba5 g6 27. f3
h5 28. e4 Kg7 29. Qd3 Ng8 30. Qe3 Ne7 31. Qxc5 Qxb3 32. Rd6 Rxd6 33. Qxd6 Qe3+
34. Kh2 Qf4+ 35. Kg1 Qe3+ 36. Kf1 Qc1+ 37. Kf2 Qxc4 38. Qxe5+ Kf8 39. Bd2 Ke8
40. Qb8+ Qc8 1/2-1/2

[Event "4NCL Division 2c"]
[Site "Puma Hotel, Hinckley Island EN"]
[Date "2013.03.24"]
[Round "8.17"]
[White "Dickinson, Tim R"]
[Black "Thompson, Robert"]
[Result "1-0"]
[WhiteElo "2134"]
[BlackElo "1948"]
[PlyCount "85"]
[EventDate "2013.03.24"]
[WhiteTeam "Oxford 1"]
[BlackTeam "Bristol 1"]

1. d4 Nf6 2. Nf3 g6 3. Bg5 Bg7 4. e3 O-O 5. Bd3 d6 6. O-O c5 7. c3 Nbd7 8. Nbd2
Qc7 9. e4 h6 10. Bh4 g5 11. Bg3 Nh5 12. Re1 Nf4 13. Bf1 e5 14. dxe5 dxe5 15.
Nc4 Nb6 16. a4 Rd8 17. Qc2 Be6 18. Nfd2 h5 19. f3 g4 20. fxg4 hxg4 21. Ne3 Qd7
22. Red1 f6 23. a5 Nc8 24. Bc4 Ne7 25. Nb3 Qc6 26. Bxe6+ Nxe6 27. c4 Ng5 28.
Nd5 Nxd5 29. exd5 Qc8 30. Qg6 Nf7 31. Rf1 Rd6 32. Nd2 Ra6 33. Ne4 f5 34. Qxf5
Qxf5 35. Rxf5 b6 36. Raf1 Rf8 37. Be1 Nh6 38. Rxf8+ Bxf8 39. Rf6 Kg7 40. Bc3
Nf7 41. Re6 Kh7 42. Nf6+ Kg7 43. Ne8+ 1-0

[Event "4NCL Division 2c"]
[Site "Puma Hotel, Hinckley Island EN"]
[Date "2013.03.24"]
[Round "8.18"]
[White "Slade, Theo"]
[Black "Foster, Chantelle L"]
[Result "0-1"]
[WhiteElo "1782"]
[BlackElo "1857"]
[PlyCount "82"]
[EventDate "2013.03.24"]
[WhiteTeam "Bristol 1"]
[BlackTeam "Oxford 1"]

1. d4 d5 2. Nf3 Nf6 3. e3 Bf5 4. c4 c6 5. cxd5 cxd5 6. Qb3 Qc7 7. Nc3 e6 8. Bd2
Nc6 9. Rc1 Be7 10. Ne5 O-O 11. Bb5 Nd7 12. Nxc6 bxc6 13. Nxd5 exd5 14. Bxc6
Rac8 15. Qxd5 Be6 16. Qf3 Nb8 17. Ba4 Qxc1+ 18. Bxc1 Rxc1+ 19. Bd1 Bb4+ 20. Kf1
Bd5 21. e4 Bxe4 22. Qe2 Re8 23. g3 Rxd1+ 24. Qxd1 Bxh1 25. f4 Re1+ 26. Qxe1
Bxe1 27. Kxe1 Nc6 28. h4 f5 29. Kf2 Nxd4 30. Ke3 Nc6 31. h5 h6 32. a3 a5 33.
Kd3 Bf3 34. Kc4 Bxh5 35. Kb5 Be8 36. b4 axb4 37. axb4 Kf7 38. Kc5 Na7 39. Kd5
Kf6 40. Kd4 g5 41. fxg5+ Kxg5 0-1

[Event "4NCL Division 2c"]
[Site "Puma Hotel, Hinckley Island EN"]
[Date "2013.03.24"]
[Round "8.21"]
[White "Slaby, Jerzy"]
[Black "Weller, Jean-Luc"]
[Result "1-0"]
[WhiteElo "2476"]
[BlackElo "2176"]
[PlyCount "69"]
[EventDate "2013.03.24"]
[WhiteTeam "Pandora's Box Grantham"]
[BlackTeam "White Rose 2"]

1. c4 c5 2. g3 g6 3. Bg2 Bg7 4. Nc3 Nc6 5. a3 e5 6. b4 d6 7. Nf3 e4 8. Ng1 f5
9. Nh3 Be6 10. O-O Nh6 11. bxc5 dxc5 12. Rb1 O-O 13. Rxb7 Qc8 14. Rxg7+ Kxg7
15. d3 Rd8 16. Nd5 Rb8 17. Bf4 Qb7 18. Bxb8 Rxb8 19. Nhf4 Bf7 20. dxe4 Ne5 21.
Qd2 Qb2 22. Qa5 Nxc4 23. Qxa7 Nd2 24. Rd1 Nxe4 25. Bxe4 fxe4 26. Ne6+ Kg8 27.
Nf6+ Kh8 28. Ng5 Kg7 29. Nfxe4 Rb6 30. Qe7 Rb7 31. Qxc5 Nf5 32. g4 Bb3 33. gxf5
Qxe2 34. f6+ Kh6 35. Nf7+ 1-0

[Event "4NCL Division 2c"]
[Site "Puma Hotel, Hinckley Island EN"]
[Date "2013.03.24"]
[Round "8.22"]
[White "Gayson, Peter M"]
[Black "Crouch, Colin S"]
[Result "0-1"]
[WhiteElo "2215"]
[BlackElo "2388"]
[PlyCount "94"]
[EventDate "2013.03.24"]
[WhiteTeam "White Rose 2"]
[BlackTeam "Pandora's Box Grantham"]

1. e4 e5 2. Nf3 Nc6 3. d4 exd4 4. Bc4 Bc5 5. O-O d6 6. h3 Nf6 7. Bg5 h6 8. Bh4
g5 9. Bg3 Nh5 10. b4 Bxb4 11. Nxd4 Nxg3 12. Nxc6 bxc6 13. fxg3 Rf8 14. Qh5 Qe7
15. c3 Be6 16. Bxe6 Bc5+ 17. Kh2 Qxe6 18. Nd2 O-O-O 19. Qe2 f5 20. Qa6+ Kd7 21.
exf5 Rxf5 22. Rae1 Qf7 23. Rxf5 Qxf5 24. Rf1 Qd5 25. Nb3 Bb6 26. Qe2 Re8 27.
Qh5 Re3 28. Rf7+ Kc8 29. Rf8+ Kb7 30. Qg4 Qe6 31. Rf3 Qxg4 32. hxg4 Re4 33. Rf6
Rxg4 34. Rxh6 Ra4 35. Rg6 Rxa2 36. Rxg5 Ra3 37. Nd4 Rxc3 38. Ne2 Rc2 39. Nf4 a5
40. Rg4 Rc4 41. Rh4 Be3 42. Nd3 Rxh4+ 43. gxh4 c5 44. Kg3 Bd2 45. Kf3 a4 46.
Ke2 a3 47. Kxd2 a2 0-1

[Event "4NCL Division 2c"]
[Site "Puma Hotel, Hinckley Island EN"]
[Date "2013.03.24"]
[Round "8.23"]
[White "Ross, Chris N"]
[Black "Burnett, Jim"]
[Result "0-1"]
[WhiteElo "2247"]
[BlackElo "2143"]
[PlyCount "104"]
[EventDate "2013.03.24"]
[WhiteTeam "Pandora's Box Grantham"]
[BlackTeam "White Rose 2"]

1. e4 e6 2. d4 d5 3. Nd2 c5 4. Ngf3 cxd4 5. exd5 Qxd5 6. Bc4 Qd6 7. O-O Nf6 8.
Nb3 Nc6 9. Nbxd4 Nxd4 10. Qxd4 Bd7 11. Bf4 Qxd4 12. Nxd4 Rc8 13. Be2 Nd5 14.
Bg3 Bc5 15. Nb3 Be7 16. c3 O-O 17. Bf3 b6 18. Bxd5 exd5 19. Rfe1 Rfe8 20. Be5
f6 21. Bf4 Bc5 22. Be3 Kf7 23. Rad1 Be6 24. Bd4 Bg4 25. Rxe8 Kxe8 26. Rd2 Be6
27. f4 Kd7 28. h3 Kd6 29. g4 h6 30. Kf2 Bd7 31. Kf3 Bb5 32. Na1 Ba4 33. h4 a5
34. h5 Rc7 35. g5 hxg5 36. fxg5 fxg5 37. Kg4 Bxd4 38. Rxd4 Be8 39. Nb3 Re7 40.
Nd2 Kc6 41. Nf3 Re3 42. Nxg5 Re2 43. Nf3 Rxb2 44. Ne5+ Kc7 45. Rxd5 Rxa2 46.
Nc4 Rc2 47. Nxa5 Rxc3 48. Re5 Bd7+ 49. Kg5 Kd6 50. Kf4 bxa5 51. Rxa5 Ke7 52.
Ra7 Rc5 0-1

[Event "4NCL Division 2c"]
[Site "Puma Hotel, Hinckley Island EN"]
[Date "2013.03.24"]
[Round "8.24"]
[White "Shaw, Peter"]
[Black "Batchelor, Peter J"]
[Result "1/2-1/2"]
[WhiteElo "2151"]
[BlackElo "2127"]
[PlyCount "135"]
[EventDate "2013.03.24"]
[WhiteTeam "White Rose 2"]
[BlackTeam "Pandora's Box Grantham"]

1. d4 d5 2. c4 e6 3. Nc3 Be7 4. Nf3 Nf6 5. Bg5 O-O 6. e3 h6 7. Bh4 Nbd7 8. Rc1
c6 9. a3 a5 10. Qc2 Re8 11. Bd3 dxc4 12. Bxc4 b5 13. Be2 Bb7 14. O-O b4 15.
axb4 axb4 16. Na4 Ra5 17. Nd2 Qa8 18. b3 c5 19. Nc4 Bxg2 20. Nxa5 Bxf1 21. Bxf1
Qxa5 22. dxc5 Nxc5 23. Nxc5 Rc8 24. Bxf6 gxf6 25. Qe4 Rxc5 26. Rxc5 Qxc5 27.
Qg4+ Kh7 28. Bc4 Bd6 29. h3 Qe5 30. Qg2 f5 31. Kh1 Bc5 32. Qf3 Qa1+ 33. Kg2 Bd6
34. Qb7 Kg6 35. Qf3 Kg7 36. Bb5 Kg8 37. Bd3 Kf8 38. Bc4 Ke7 39. Qb7+ Kf6 40.
Qf3 Qc1 41. Qa8 Kg7 42. Qb7 Kg6 43. Qa8 Qc3 44. Qg8+ Qg7 45. Qxg7+ Kxg7 46. f4
Bc5 47. Kf3 Kg6 48. Bb5 Ba7 49. e4 fxe4+ 50. Kxe4 Kf6 51. Be2 Kg6 52. Bd1 f5+
53. Kf3 Bd4 54. Be2 Bc3 55. Bb5 Kf7 56. Bd7 h5 57. Bc8 h4 58. Ke3 Ke7 59. Kf3
Bd2 60. Ba6 Kd7 61. Bc4 Kd6 62. Ba6 Bc1 63. Bc4 e5 64. fxe5+ Kxe5 65. Bg8 Kd4
66. Bf7 Kc3 67. Bg8 Kc2 68. Bf7 1/2-1/2

[Event "4NCL Division 2c"]
[Site "Puma Hotel, Hinckley Island EN"]
[Date "2013.03.24"]
[Round "8.25"]
[White "Birtwistle, Nigel"]
[Black "Adams, David M"]
[Result "0-1"]
[WhiteElo "2148"]
[BlackElo "2216"]
[PlyCount "136"]
[EventDate "2013.03.24"]
[WhiteTeam "Pandora's Box Grantham"]
[BlackTeam "White Rose 2"]

1. e4 d6 2. d4 Nf6 3. Nc3 Nbd7 4. Nf3 e5 5. Bc4 Be7 6. O-O O-O 7. Re1 c6 8. a4
exd4 9. Nxd4 Ne5 10. Bf1 Re8 11. h3 Qa5 12. Nb3 Qc7 13. Be3 Bf8 14. f4 Ng6 15.
Qf3 d5 16. e5 Nd7 17. Bf2 b6 18. Rad1 Nc5 19. Nd4 Bd7 20. Bg3 Ne6 21. Nxe6 fxe6
22. Bd3 Bc5+ 23. Kh1 Ne7 24. f5 Nxf5 25. Bxf5 Rf8 26. Bxh7+ Kxh7 27. Qd3+ Kg8
28. Ne2 Rf7 29. Nf4 Rf5 30. Ng6 Be8 31. Nh4 Rf8 32. Rf1 Bh5 33. Rde1 Rxf1+ 34.
Rxf1 Rf8 35. Rxf8+ Bxf8 36. Nf3 Be7 37. Bf4 c5 38. g4 Be8 39. Kh2 c4 40. Qc3
Bxa4 41. Nd4 Bc5 42. Nf3 Qf7 43. Qd2 Bxc2 44. Ng5 Bb4 45. Nxf7 Bxd2 46. Nh6+
gxh6 47. Bxd2 Kg7 48. Be3 Kg6 49. Kg3 h5 50. Kf4 Be4 51. Bd4 Bg2 52. Kg3 Bf1
53. Kh4 Be2 54. Kg3 hxg4 55. hxg4 Bd3 56. Kf4 Kh6 57. Kg3 Kg5 58. Be3+ Kg6 59.
Bd4 Kf7 60. Kf4 Ke7 61. Kg5 Be2 62. Kh4 Kd7 63. Kh5 Kc6 64. Kh4 a5 65. g5 Bd3
66. Kh5 b5 67. Kh6 b4 68. g6 Bxg6 0-1

[Event "4NCL Division 2c"]
[Site "Puma Hotel, Hinckley Island EN"]
[Date "2013.03.24"]
[Round "8.26"]
[White "Arnott, Jonathan W"]
[Black "Cumbers, Paul"]
[Result "1/2-1/2"]
[WhiteElo "2188"]
[BlackElo "2147"]
[PlyCount "92"]
[EventDate "2013.03.24"]
[WhiteTeam "White Rose 2"]
[BlackTeam "Pandora's Box Grantham"]

1. e4 e6 2. d4 d5 3. Nd2 Nc6 4. Ngf3 Nf6 5. e5 Nd7 6. Bd3 Nb4 7. Be2 c5 8. c3
Nc6 9. O-O f6 10. exf6 Qxf6 11. Nb3 c4 12. Bg5 Qf5 13. Nbd2 b5 14. Re1 Bd6 15.
Nf1 O-O 16. Ne3 Qg6 17. a4 b4 18. Bh4 bxc3 19. bxc3 Nf6 20. Nd2 Qh6 21. Bg3
Bxg3 22. hxg3 Bd7 23. Ng4 Nxg4 24. Bxg4 Rab8 25. Ra2 Qg6 26. Qe2 Rf6 27. Bh3 h6
28. Qe3 Qh5 29. Nf3 Rb3 30. Ne5 Nxe5 31. dxe5 Rf7 32. Qxa7 Rxc3 33. a5 g5 34.
a6 g4 35. Qd4 gxh3 36. Qxc3 hxg2 37. Kxg2 d4 38. Qxd4 Bc6+ 39. Kf1 Qh1+ 40. Ke2
Qf3+ 41. Kf1 Rd7 42. Qxc4 Qh1+ 43. Ke2 Bb5 44. Qxb5 Qe4+ 45. Kf1 Qh1+ 46. Ke2
Qe4+ 1/2-1/2

[Event "4NCL Division 2c"]
[Site "Puma Hotel, Hinckley Island EN"]
[Date "2013.03.24"]
[Round "8.27"]
[White "Wells, Daniel J"]
[Black "Weller, Pierre"]
[Result "0-1"]
[WhiteElo "2022"]
[BlackElo "2124"]
[PlyCount "100"]
[EventDate "2013.03.24"]
[WhiteTeam "Pandora's Box Grantham"]
[BlackTeam "White Rose 2"]

1. e4 e6 2. d4 d5 3. Nc3 Nf6 4. Bg5 Bb4 5. e5 h6 6. Be3 Ne4 7. Qg4 g6 8. a3
Bxc3+ 9. bxc3 c5 10. Bd3 h5 11. Qf4 g5 12. Qf3 Nxc3 13. dxc5 d4 14. Bd2 Nd7 15.
Bxc3 dxc3 16. Bb5 Qa5 17. Qf6 Rg8 18. Bxd7+ Bxd7 19. Nf3 Qd8 20. Qxd8+ Rxd8 21.
O-O-O Rc8 22. Rd3 Rxc5 23. Rhd1 Rc7 24. Nd4 Ke7 25. Ne2 Rgc8 26. Nxc3 Rxc3 27.
Rxd7+ Ke8 28. Rxb7 Rxc2+ 29. Kb1 Rxf2 30. Rxa7 Rcc2 31. a4 Rb2+ 32. Ka1 Ra2+
33. Kb1 Rfb2+ 34. Kc1 Rxg2 35. Kb1 Rgb2+ 36. Kc1 Rxh2 37. Kb1 Rhb2+ 38. Kc1 Rf2
39. Kb1 g4 40. a5 g3 41. a6 g2 42. Ra8+ Ke7 43. Rad8 Rfd2 44. R8xd2 Rxd2 45.
Rg1 Rf2 46. a7 Rf1+ 47. Kc2 Rxg1 48. a8=Q Rc1+ 49. Kxc1 g1=Q+ 50. Kd2 Qd4+ 0-1

[Event "4NCL Division 2c"]
[Site "Puma Hotel, Hinckley Island EN"]
[Date "2013.03.24"]
[Round "8.31"]
[White "Merry, Alan B"]
[Black "Ashton, Adam G"]
[Result "0-1"]
[WhiteElo "2229"]
[BlackElo "2367"]
[PlyCount "64"]
[EventDate "2013.03.24"]
[WhiteTeam "Anglian Avengers 1"]
[BlackTeam "3Cs 1"]

1. c4 e5 2. g3 Nf6 3. Bg2 c6 4. d4 Bb4+ 5. Bd2 Bxd2+ 6. Qxd2 d6 7. Nc3 Qe7 8.
e3 O-O 9. Nge2 Nbd7 10. O-O Re8 11. h3 h5 12. b3 Nf8 13. e4 a6 14. a4 Bd7 15.
a5 Rad8 16. d5 cxd5 17. cxd5 Rc8 18. Na4 Bxa4 19. Rxa4 Rc5 20. f4 exf4 21. gxf4
Ng6 22. Ng3 Nh4 23. Bh1 Qc7 24. Rf2 Rc3 25. Kh2 Rxb3 26. f5 Qc5 27. e5 Rd3 28.
Qe1 Rxe5 29. Qg1 Ree3 30. Rxh4 Rxg3 31. Qxg3 Rxg3 32. Kxg3 Qe3+ 0-1

[Event "4NCL Division 2c"]
[Site "Puma Hotel, Hinckley Island EN"]
[Date "2013.03.24"]
[Round "8.32"]
[White "Milliet, Sophie"]
[Black "Lindner, Daniel"]
[Result "1/2-1/2"]
[WhiteElo "2401"]
[BlackElo "2202"]
[PlyCount "56"]
[EventDate "2013.03.24"]
[WhiteTeam "3Cs 1"]
[BlackTeam "Anglian Avengers 1"]

1. e4 c5 2. Nf3 d6 3. d4 cxd4 4. Nxd4 Nf6 5. Nc3 g6 6. Be3 a6 7. f3 Nbd7 8. Bc4
b5 9. Bb3 Bb7 10. Qd2 Rc8 11. O-O-O Qa5 12. Nde2 Nc5 13. Kb1 Bg7 14. Bh6 Bxh6
15. Qxh6 Nxb3 16. cxb3 b4 17. Na4 Nd7 18. h4 Qe5 19. Nf4 a5 20. Rc1 Kd8 21.
Rhd1 Rxc1+ 22. Rxc1 e6 23. Nd3 Qb5 24. Rd1 Ke7 25. Qg7 Rc8 26. Qd4 Ba6 27. Nf2
Rc6 28. Qd2 h5 1/2-1/2

[Event "4NCL Division 2c"]
[Site "Puma Hotel, Hinckley Island EN"]
[Date "2013.03.24"]
[Round "8.33"]
[White "Talsma, Paul A"]
[Black "Clarke, Stuart W"]
[Result "1-0"]
[WhiteElo "2185"]
[BlackElo "2295"]
[PlyCount "57"]
[EventDate "2013.03.24"]
[WhiteTeam "Anglian Avengers 1"]
[BlackTeam "3Cs 1"]

1. d4 e6 2. c4 Nf6 3. Nc3 d5 4. Bg5 Be7 5. e3 Nbd7 6. Nf3 a6 7. Qc2 dxc4 8.
Bxc4 b5 9. Bd3 Bb7 10. e4 c5 11. Rd1 cxd4 12. Nxd4 b4 13. Na4 Rc8 14. Qb3 Qa5
15. Bxf6 gxf6 16. Bc4 Rxc4 17. Qxc4 Qxa4 18. Qc7 Bxe4 19. b3 Qxa2 20. Qc8+ Bd8
21. Nxe6 fxe6 22. Qxd7+ Kf8 23. Qxd8+ Kg7 24. Rd7+ Kg6 25. Qxh8 Qa1+ 26. Rd1
Qc3+ 27. Kf1 Bd3+ 28. Kg1 Qc2 29. Re1 1-0

[Event "4NCL Division 2c"]
[Site "Puma Hotel, Hinckley Island EN"]
[Date "2013.03.24"]
[Round "8.34"]
[White "Longson, Alexander"]
[Black "Tozer, Philip AA"]
[Result "1-0"]
[WhiteElo "2270"]
[BlackElo "2165"]
[PlyCount "149"]
[EventDate "2013.03.24"]
[WhiteTeam "3Cs 1"]
[BlackTeam "Anglian Avengers 1"]

1. e4 e6 2. d4 d5 3. Nc3 Nf6 4. e5 Nfd7 5. f4 c5 6. Nf3 Nc6 7. Be3 cxd4 8. Nxd4
Bc5 9. Qd2 O-O 10. g3 Nxd4 11. Bxd4 a6 12. Bg2 b5 13. Ne2 a5 14. a3 Qb6 15. O-O
b4 16. axb4 Qxb4 17. c3 Qc4 18. Rf2 Ba6 19. Rxa5 Bb5 20. Rxa8 Rxa8 21. Bf1 Ra1
22. Nc1 Qa4 23. Kg2 Bxd4 24. cxd4 Bc4 25. f5 exf5 26. Rxf5 g6 27. Rf2 Nb6 28.
Qf4 Qd7 29. b3 Bxf1+ 30. Rxf1 Qc7 31. Qd2 Nc8 32. Nd3 Rxf1 33. Kxf1 Na7 34. Nc5
Nc6 35. Qf4 Qc8 36. Kg2 Qb8 37. Qf6 Nxd4 38. e6 Nxe6 39. Nxe6 fxe6 40. Qxe6+
Kg7 41. Qxd5 Qb4 42. Qe5+ Kg8 43. Qe8+ Kg7 44. Qd7+ Kf6 45. Qc6+ Ke5 46. Qc7+
Kf6 47. Qc6+ Ke5 48. Qc7+ Kf5 49. Qf7+ Ke5 50. Qc7+ Kf5 51. Qc2+ Ke5 52. Qd3
Qb7+ 53. Kf2 Qh1 54. Qe3+ Kd6 55. Qd4+ Ke6 56. Qh4 Qb1 57. Qc4+ Kf6 58. Qc3+
Ke6 59. h4 Qa2+ 60. Ke3 Qg2 61. Qc4+ Kd6 62. Qd3+ Kc7 63. Kf4 Qf2+ 64. Kg5 Qf8
65. Qc3+ Kd7 66. Qd4+ Kc8 67. Qc4+ Kb7 68. Qd5+ Kc7 69. Qe5+ Kc8 70. Qf6 Qc5+
71. Kh6 Qe3+ 72. Qg5 Qa7 73. Qe5 Qf7 74. Qh8+ Kd7 75. Qxh7 1-0